Dei bambini non si sa niente /

Questo romanzo di una esordiente racconta la storia, tutta vista dall'interno, di un eden infantile, dove anche il sesso è innocenza, che si corrompe progressivamente attraverso l'irruzione della perversione degli adulti con foto sempre più spinte. E' il bambino più grande del gruppo, il tirannico M...

ver descrição completa

Na minha lista:
Detalhes bibliográficos
Autor principal: Vinci, Simona (Author)
Formato: Livro
Idioma:Língua italiana
Publicado em: Torino : Einaudi, [1997]
Colecção:Einaudi tascabili ; 477
Tags: Adicionar Tag
Sem tags, seja o primeiro a adicionar uma tag!

MARC

LEADER 00000nam a22000007i 4500
001 IT\ICCU\LO1\0438824
003 ItRI
005 20260115231853.0
008 970919s1997 it |||||| ||||| |||||c
015 |2 IT  |a 98-4545 
020 |a 8806146343 
040 |b ita  |c importazione bologna sebina 
041 7 |a ita  |2 ISO-639-2 
082 |a 853.914  |9 NARRATIVA ITALIANA. 1945-  |2 20 
100 1 |a Vinci, Simona  |0 IT\ICCU\LO1V\163644  |4 aut 
240 1 0 |a Dei bambini non si sa niente  |3 IT\ICCU\CFI\0513756  |9 Vinci, Simona 
245 1 0 |a Dei bambini non si sa niente /  |c Simona Vinci. 
260 |a Torino :  |b Einaudi,  |c [1997] 
300 |a 167 p. ;  |c 20 cm. 
520 |a Questo romanzo di una esordiente racconta la storia, tutta vista dall'interno, di un eden infantile, dove anche il sesso è innocenza, che si corrompe progressivamente attraverso l'irruzione della perversione degli adulti con foto sempre più spinte. E' il bambino più grande del gruppo, il tirannico Mirko, a introdurle nei giochi che si tengono in un capannone di periferia. 
830 0 |a Einaudi tascabili ;  |v 477  |0 IT\ICCU\CFI\0163201 
942 |2 ddc  |c BK  |n 0 
952 |0 0  |1 0  |4 0  |6 DOC_853_914000000000000_VIN  |7 0  |9 14815  |a BO  |b BO  |d 2026-01-15  |i 4013  |l 0  |o DOC 853.914 VIN  |p BO4013  |r 2026-01-15 23:18:53  |w 2026-01-15  |x [Sebina 5] [1 v.]  |y BK  |z 1 v. 
999 |c 12771  |d 12771